00517nam a22001697a 45000050016000000100028000160200026000440350028000700370027000980820012001251000015001372450071001522600034002232700046002573000023003037100021003262012071602402.0 aB-465411 B-462702-706 a9788176256612c600.00 aB-465411 B-462702-706 adplbBlueberry Pub/Ven a863.108 aPaul, S.K. aRecritiquing Rabindranath Tagore/cby S.K.Paul and Amarnath Prasad aNew DelhibSarup & Sonsc2006 a4740/23 Ansari Road Daryaganj bNew delhi a233p, indexc22cm. aAmar Nath Prasad